00526nam a2200157 a 450000500170000000800410001702000180005804000270007604100080010304400070011108200180011824501370013626000290027330000190030265000470032120160205162957.0160502s ck fr|||| 00| 0 spa d a9789588370484 aCO-BoIAVH cCO-BoIAVH 0 aspa ack04a634.98bU56p210aProtocolo para seguimiento y control a la movilización de productos maderables y productos no maderables del bosque :bprotocolo 2 aPereira:bCarder, cs.f. a56 páginas ;16aAprovechamiento forestalxplanes de manejo